Höchste Live Ratings in der Schachgeschichte - Statistiken

Allgemein
  • Dieses Quiz wurde 47 mal gespielt
  • Das Durchschnittsergebnis liegt bei 9 aus 18
Antwortstatistiken
Land Spieler Live Elo % Korrekt
Nowegen Magnus Carlsen 2889.2
100%
USA Hikaru Nakamura 2819.0
80%
Russland Garry Kasparov 2856.7
76%
Italien / USA Fabiano Caruana 2851.3
67%
Indien Viswanathan Anand 2820.7
62%
China Ding Liren 2816.9
60%
Armenien / USA Levon Aronian 2835.5
60%
Frankreich Maxime Vachier-Lagrave 2819.3
53%
Frankreich Alireza Firouzja 2804.0
51%
Niederlande Anish Giri 2802.8
49%
Russland Ian Nepomniachtchi 2799.8
47%
Russland Vladimir Kramnik 2817.8
44%
Bulgarien Veselin Topalov 2826.5
42%
Aserbaidschan Shakhriyar Mamedyarov 2826.2
38%
USA Wesley So 2824.5
38%
Indien Arjun Erigaisi 2803.2
33%
Russland Alexander Grischuk 2813.6
31%
Aserbaidschan Teimour Radjabov 2799.6
18%
Keine übereinstimmenden Quizze gefunden
Verteilung der Resultate
Anzahl Personen mit jedem Resultat
Perzentil nach korrekt beantworteten Fragen
Ihre Resultats-Entwicklung
Sie haben dieses Quiz noch nicht gespielt